<?xml version="1.0" encoding="UTF-8"?>
<record
    xmlns:xsi="http://www.w3.org/2001/XMLSchema-instance"
    xsi:schemaLocation="http://www.loc.gov/MARC21/slim http://www.loc.gov/standards/marcxml/schema/MARC21slim.xsd"
    xmlns="http://www.loc.gov/MARC21/slim">

  <leader>03086nam0a2200445   4500</leader>
  <controlfield tag="001">RU\NLR\BIBL_A\011700565</controlfield>
  <controlfield tag="005">20250630160104.0</controlfield>
  <datafield tag="020" ind1=" " ind2=" ">
    <subfield code="a">RU</subfield>
    <subfield code="b">14942</subfield>
    <subfield code="9">&#x421;&#x432;&#x43E;&#x434;&#x43D;&#x44B;&#x439; &#x43A;&#x430;&#x442;&#x430;&#x43B;&#x43E;&#x433; &#x43B;&#x438;&#x441;&#x442;&#x43E;&#x432;&#x43E;&#x43A; &#x43F;&#x435;&#x440;&#x432;&#x44B;&#x445; &#x43B;&#x435;&#x442; &#x421;&#x43E;&#x432;&#x435;&#x442;&#x441;&#x43A;&#x43E;&#x439; &#x432;&#x43B;&#x430;&#x441;&#x442;&#x438; (25 &#x43E;&#x43A;&#x442;&#x44F;&#x431;&#x440;&#x44F; (7 &#x43D;&#x43E;&#x44F;&#x431;&#x440;&#x44F;) 1917 - 1925) &#x422;.5. &#x41B;&#x438;&#x441;&#x442;&#x43E;&#x432;&#x43A;&#x438; &#x441;&#x43E;&#x432;&#x435;&#x442;&#x441;&#x43A;&#x438;&#x445;, &#x43F;&#x430;&#x440;&#x442;&#x438;&#x439;&#x43D;&#x44B;&#x445;, &#x43F;&#x440;&#x43E;&#x444;&#x441;&#x43E;&#x44E;&#x437;&#x43D;&#x44B;&#x445;, &#x43A;&#x43E;&#x43C;&#x441;&#x43E;&#x43C;&#x43E;&#x43B;&#x44C;&#x441;&#x43A;&#x438;&#x445; &#x438; &#x434;&#x440;&#x443;&#x433;&#x438;&#x445; &#x43E;&#x440;&#x433;&#x430;&#x43D;&#x438;&#x437;&#x430;&#x446;&#x438;&#x439; &#x423;&#x440;&#x430;&#x43B;&#x44C;&#x441;&#x43A;&#x43E;&#x439; &#x43E;&#x431;&#x43B;&#x430;&#x441;&#x442;&#x438;, &#x430;&#x432;&#x442;&#x43E;&#x43D;&#x43E;&#x43C;&#x43D;&#x44B;&#x445; &#x43E;&#x431;&#x43B;&#x430;&#x441;&#x442;&#x435;&#x439; &#x438; &#x440;&#x435;&#x441;&#x43F;&#x443;&#x431;&#x43B;&#x438;&#x43A; &#x420;&#x421;&#x424;&#x421;&#x420;. &#x427;.2</subfield>
  </datafield>
  <datafield tag="035" ind1=" " ind2=" ">
    <subfield code="a">(NLR Aleph) 011700565</subfield>
  </datafield>
  <datafield tag="090" ind1=" " ind2=" ">
    <subfield code="a">11387459</subfield>
    <subfield code="c">11387459</subfield>
  </datafield>
  <datafield tag="100" ind1=" " ind2=" ">
    <subfield code="a">20180516d1920    |||y0rusy50      ca</subfield>
  </datafield>
  <datafield tag="101" ind1="0" ind2=" ">
    <subfield code="a">rus</subfield>
  </datafield>
  <datafield tag="102" ind1=" " ind2=" ">
    <subfield code="a">RU</subfield>
  </datafield>
  <datafield tag="105" ind1=" " ind2=" ">
    <subfield code="a">y   z   000zy</subfield>
  </datafield>
  <datafield tag="135" ind1=" " ind2=" ">
    <subfield code="a">crcn 024apada</subfield>
  </datafield>
  <datafield tag="200" ind1="1" ind2=" ">
    <subfield code="a">&#x418;&#x43D;&#x441;&#x442;&#x440;&#x443;&#x43A;&#x446;&#x438;&#x44F; &#x43F;&#x43E; &#x43F;&#x440;&#x43E;&#x432;&#x435;&#x434;&#x435;&#x43D;&#x438;&#x44E; &#x43F;&#x43E;&#x432;&#x438;&#x43D;&#x43D;&#x43E;&#x441;&#x442;&#x438; &#x434;&#x43B;&#x44F; &#x43B;&#x435;&#x441;&#x43E;&#x437;&#x430;&#x433;&#x43E;&#x442;&#x43E;&#x432;&#x43E;&#x43A; &#x438; &#x43F;&#x43E;&#x434;&#x432;&#x43E;&#x437;&#x430; &#x442;&#x43E;&#x43F;&#x43B;&#x438;&#x432;&#x430; &#x43D;&#x430; &#x423;&#x440;&#x430;&#x43B;&#x435;</subfield>
    <subfield code="e">(&#x43F;&#x440;&#x438;&#x43D;&#x44F;&#x442;&#x43E; &#x43D;&#x430; &#x437;&#x430;&#x441;&#x435;&#x434;&#x430;&#x43D;&#x438;&#x438; &#x423;&#x440;&#x430;&#x43B;&#x43A;&#x43E;&#x43C;&#x442;&#x440;&#x443;&#x434;&#x430; 18 &#x43E;&#x43A;&#x442;. 1920 &#x433;.)</subfield>
    <subfield code="e">[&#x43B;&#x438;&#x441;&#x442;&#x43E;&#x432;&#x43A;&#x430;</subfield>
    <subfield code="f">&#x423;&#x440;&#x430;&#x43B;&#x44C;&#x441;&#x43A;&#x438;&#x439; &#x43E;&#x431;&#x43B;. &#x43A;&#x43E;&#x43C;&#x438;&#x442;&#x435;&#x442; &#x43F;&#x43E; &#x432;&#x441;&#x435;&#x43E;&#x431;&#x449;&#x435;&#x439; &#x442;&#x440;&#x443;&#x434;&#x43E;&#x432;&#x43E;&#x439; &#x43F;&#x43E;&#x432;&#x438;&#x43D;&#x43D;&#x43E;&#x441;&#x442;&#x438;]</subfield>
  </datafield>
  <datafield tag="210" ind1=" " ind2=" ">
    <subfield code="a">&#x41A;&#x430;&#x43C;&#x44B;&#x448;&#x43B;&#x43E;&#x432;</subfield>
    <subfield code="c">&#x41A;&#x430;&#x43C;&#x44B;&#x448;&#x43B;&#x43E;&#x432;. &#x433;&#x43E;&#x441;.&#x442;&#x438;&#x43F;.</subfield>
    <subfield code="d">1920, &#x434;&#x435;&#x43A;.</subfield>
  </datafield>
  <datafield tag="215" ind1=" " ind2=" ">
    <subfield code="a">1 &#x441;. &#x432; 2 &#x441;&#x442;&#x431;.</subfield>
    <subfield code="d">43&#x445;32</subfield>
  </datafield>
  <datafield tag="300" ind1=" " ind2=" ">
    <subfield code="a">&#x41F;&#x43E;&#x434;&#x43F;&#x438;&#x441;&#x438;: &#x41F;&#x440;&#x435;&#x434;&#x443;&#x440;&#x430;&#x43B;&#x43A;&#x43E;&#x43C;&#x442;&#x440;&#x443;&#x434; &#x438; &#x423;&#x43F;&#x43E;&#x43B;&#x43D;&#x430;&#x440;&#x43A;&#x43E;&#x43C;&#x442;&#x440;&#x443;&#x434; &#x423;&#x432;&#x437;&#x435;&#x440;&#x43E;&#x432;. &#x423;&#x440;&#x430;&#x43B;&#x43A;&#x43E;&#x43C;&#x43F;&#x440;&#x43E;&#x434;&#x430; &#x41F;&#x43E;&#x43D;&#x43E;&#x43C;&#x430;&#x440;&#x435;&#x43D;&#x43A;&#x43E;. &#x41D;&#x430;&#x447;&#x443;&#x440;&#x430;&#x43B;&#x43B;&#x435;&#x441;&#x43E;&#x442;&#x434;&#x435;&#x43B;&#x430; &#x427;&#x435;&#x43A;&#x438;&#x43D; &#x438; &#x434;&#x440;.</subfield>
  </datafield>
  <datafield tag="325" ind1="1" ind2=" ">
    <subfield code="a">&#x41A;&#x43E;&#x43F;&#x438;&#x44F; &#x434;&#x43E;&#x441;&#x442;&#x443;&#x43F;&#x43D;&#x430; &#x432; &#x42D;&#x43B;&#x435;&#x43A;&#x442;&#x440;&#x43E;&#x43D;&#x43D;&#x43E;&#x439; &#x431;&#x438;&#x431;&#x43B;&#x438;&#x43E;&#x442;&#x435;&#x43A;&#x435; &#x420;&#x41D;&#x411;</subfield>
  </datafield>
  <datafield tag="607" ind1=" " ind2=" ">
    <subfield code="a">&#x420;&#x421;&#x424;&#x421;&#x420;</subfield>
    <subfield code="j">&#x41B;&#x438;&#x441;&#x442;&#x43E;&#x432;&#x43A;&#x438;</subfield>
    <subfield code="x">&#x41F;&#x43E;&#x43B;&#x438;&#x442;&#x438;&#x43A;&#x430; &#x438; &#x443;&#x43F;&#x440;&#x430;&#x432;&#x43B;&#x435;&#x43D;&#x438;&#x435;</subfield>
    <subfield code="y">1917 - 1925</subfield>
    <subfield code="9">2312782</subfield>
    <subfield code="3">RU\NLR\auth\6601609564</subfield>
  </datafield>
  <datafield tag="607" ind1=" " ind2=" ">
    <subfield code="a">&#x415;&#x43A;&#x430;&#x442;&#x435;&#x440;&#x438;&#x43D;&#x431;&#x443;&#x440;&#x433;&#x441;&#x43A;&#x430;&#x44F; &#x433;&#x443;&#x431;&#x435;&#x440;&#x43D;&#x438;&#x44F;</subfield>
    <subfield code="j">&#x41B;&#x438;&#x441;&#x442;&#x43E;&#x432;&#x43A;&#x438;</subfield>
    <subfield code="x">&#x41F;&#x43E;&#x43B;&#x438;&#x442;&#x438;&#x43A;&#x430; &#x438; &#x443;&#x43F;&#x440;&#x430;&#x432;&#x43B;&#x435;&#x43D;&#x438;&#x435;</subfield>
    <subfield code="9">2471147</subfield>
    <subfield code="3">RU\NLR\AUTH\6601684649</subfield>
  </datafield>
  <datafield tag="686" ind1="0" ind2=" ">
    <subfield code="a">&#x422;3(2)71-313,011</subfield>
  </datafield>
  <datafield tag="686" ind1="0" ind2=" ">
    <subfield code="a">&#x422;3(2&#x420;-7&#x415;)713-313,011</subfield>
  </datafield>
  <datafield tag="702" ind1=" " ind2="1">
    <subfield code="4">720</subfield>
    <subfield code="7">ca</subfield>
    <subfield code="8">rus</subfield>
    <subfield code="a">&#x415;&#x432;&#x437;&#x435;&#x440;&#x43E;&#x432;</subfield>
    <subfield code="b">&#x414;.</subfield>
    <subfield code="c">&#x443;&#x447;&#x430;&#x441;&#x442;&#x43D;&#x438;&#x43A; &#x443;&#x441;&#x442;&#x430;&#x43D;&#x43E;&#x432;&#x43B;&#x435;&#x43D;&#x438;&#x44F; &#x441;&#x43E;&#x432;&#x435;&#x442;&#x441;&#x43A;&#x43E;&#x439; &#x432;&#x43B;&#x430;&#x441;&#x442;&#x438;, &#x43F;&#x440;&#x435;&#x434;&#x443;&#x440;&#x430;&#x43B;&#x43A;&#x43E;&#x43C;&#x442;&#x440;&#x443;&#x434;&#x430;, &#x423;&#x440;&#x430;&#x43B;&#x44C;&#x441;&#x43A;&#x430;&#x44F; &#x43E;&#x431;&#x43B;.</subfield>
    <subfield code="9">194055</subfield>
    <subfield code="3">RU\NLR\AUTH\770194106</subfield>
  </datafield>
  <datafield tag="702" ind1=" " ind2="1">
    <subfield code="4">720</subfield>
    <subfield code="7">ca</subfield>
    <subfield code="8">rus</subfield>
    <subfield code="a">&#x41F;&#x43E;&#x43D;&#x43E;&#x43C;&#x430;&#x440;&#x435;&#x43D;&#x43A;&#x43E;</subfield>
    <subfield code="c">&#x441;&#x43B;&#x443;&#x436;&#x430;&#x449;&#x438;&#x439; &#x423;&#x440;&#x430;&#x43B;&#x43A;&#x43E;&#x43C;&#x43F;&#x440;&#x43E;&#x434;&#x430;</subfield>
    <subfield code="9">194063</subfield>
    <subfield code="3">RU\NLR\AUTH\770194114</subfield>
  </datafield>
  <datafield tag="702" ind1=" " ind2="1">
    <subfield code="7">ca</subfield>
    <subfield code="8">rus</subfield>
    <subfield code="a">&#x427;&#x435;&#x43A;&#x438;&#x43D;</subfield>
    <subfield code="c">&#x43D;&#x430;&#x447;&#x430;&#x43B;&#x44C;&#x43D;&#x438;&#x43A; &#x423;&#x440;&#x430;&#x43B;&#x43B;&#x435;&#x441;&#x43E;&#x442;&#x434;&#x435;&#x43B;&#x430;</subfield>
    <subfield code="9">194065</subfield>
    <subfield code="3">RU\NLR\AUTH\770194116</subfield>
  </datafield>
  <datafield tag="711" ind1="0" ind2="2">
    <subfield code="a">&#x423;&#x440;&#x430;&#x43B;&#x44C;&#x441;&#x43A;&#x438;&#x439; &#x43E;&#x431;&#x43B;&#x430;&#x441;&#x442;&#x43D;&#x43E;&#x439; &#x43A;&#x43E;&#x43C;&#x438;&#x442;&#x435;&#x442; &#x43F;&#x43E; &#x432;&#x441;&#x435;&#x43E;&#x431;&#x449;&#x435;&#x439; &#x442;&#x440;&#x443;&#x434;&#x43E;&#x432;&#x43E;&#x439; &#x43F;&#x43E;&#x432;&#x438;&#x43D;&#x43D;&#x43E;&#x441;&#x442;&#x438;</subfield>
    <subfield code="9">623489</subfield>
    <subfield code="3">RU\NLR\AUTH\880481445</subfield>
  </datafield>
  <datafield tag="852" ind1="0" ind2="0">
    <subfield code="a">NLR</subfield>
    <subfield code="b">&#x424;&#x41B;</subfield>
    <subfield code="j">28/134</subfield>
  </datafield>
  <datafield tag="856" ind1=" " ind2="0">
    <subfield code="u">https://vivaldi.nlr.ru/ll000078828/view</subfield>
  </datafield>
  <datafield tag="856" ind1=" " ind2="1">
    <subfield code="u">https://vivaldi.nlr.ru/ll000078828/cover</subfield>
  </datafield>
  <datafield tag="856" ind1=" " ind2="2">
    <subfield code="u">https://vivaldi.nlr.ru/ll000078828/text</subfield>
  </datafield>
  <datafield tag="942" ind1=" " ind2=" ">
    <subfield code="c">BOOK</subfield>
  </datafield>
  <datafield tag="980" ind1=" " ind2=" ">
    <subfield code="a">NB</subfield>
  </datafield>
  <datafield tag="981" ind1="2" ind2="1">
    <subfield code="a">(21) &#x41B;&#x438;&#x441;&#x442;&#x43E;&#x432;&#x43A;&#x438;</subfield>
    <subfield code="b">(21) &#x41B;&#x438;&#x441;&#x442;&#x43E;&#x432;&#x43A;&#x438; 1920 &#x433;&#x43E;&#x434;&#x430;</subfield>
  </datafield>
  <datafield tag="995" ind1=" " ind2=" ">
    <subfield code="5">2025-05-17</subfield>
    <subfield code="b">NLR02</subfield>
    <subfield code="c">NLR02</subfield>
    <subfield code="e">RFS</subfield>
    <subfield code="f">11700565-10</subfield>
    <subfield code="k">&#x424;&#x41B; 28/134</subfield>
    <subfield code="o">0</subfield>
    <subfield code="r">FLYER</subfield>
    <subfield code="s">_28134</subfield>
  </datafield>
  <datafield tag="995" ind1=" " ind2=" ">
    <subfield code="5">2025-05-17</subfield>
    <subfield code="b">NLR02</subfield>
    <subfield code="c">NLR02</subfield>
    <subfield code="e">RFS</subfield>
    <subfield code="f">11700565-20</subfield>
    <subfield code="k">&#x424;&#x41B; 28/134&#x430;</subfield>
    <subfield code="o">0</subfield>
    <subfield code="r">FLYER</subfield>
    <subfield code="s">_28134</subfield>
  </datafield>
</record>
